[Event "Cape Town Gambit"]
[Site "Cape Town"]
[Date "2025.04.21"]
[Round "7"]
[White "Mnyasta, Charlton"]
[Black "Rogov, Matfey"]
[Result "1-0"]
[WhiteElo "2104"]
[BlackElo "2333"]
[PlyCount "63"]
[EventDate "2025.04.18"]
[EventType "tourn"]
[EventRounds "7"]
[EventCountry "RSA"]
[SourceTitle "CB18_2025"]
[SourceDate "2025.04.30"]
[SourceVersion "1"]
[SourceVersionDate "2025.04.30"]
[SourceQuality "1"]

1. e4 e6 2. d3 d5 3. Nd2 Nf6 4. Ngf3 Nc6 5. e5 Nd7 6. d4 f6 7. Bd3 fxe5 8. Nxe5 Ndxe5 9. dxe5 Nxe5 10. Qh5+ Nf7 11. Bxh7 Qf6 12. Nf3 Bb4+ 13. Kd1 Bd7 14. c3 Ba4+ 15. b3 Qxc3 16. Rb1 Bc6 17. Bd2 Qc5 18. Ng5 0-0-0 19. Nxe6 Qxf2 20. Bxb4 Qxg2 21. Re1 Rd7 22. Qg6 Qxh2 23. Nf8 Qf4 24. Nxd7 Bxd7 25. Bd2 Qg4+ 26. Kc1 Qf3 27. Qxg7 Rd8 28. Qc3 Qf2 29. Qe3 Qh4 30. Qxa7 c5 31. Ba5 Bc6 32. Bf5+ 1-0

[Event "Cape Town Gambit"]
[Site "Cape Town"]
[Date "2025.04.19"]
[Round "3"]
[White "Kobese, Watu"]
[Black "Rogov, Matfey"]
[Result "1/2-1/2"]
[WhiteElo "2256"]
[BlackElo "2333"]
[PlyCount "169"]
[EventDate "2025.04.18"]
[EventType "tourn"]
[EventRounds "7"]
[EventCountry "RSA"]
[SourceTitle "CB18_2025"]
[SourceDate "2025.04.30"]
[SourceVersion "1"]
[SourceVersionDate "2025.04.30"]
[SourceQuality "1"]

1. e4 e5 2. Nf3 Nc6 3. Bb5 a6 4. Ba4 Nf6 5. 0-0 Bc5 6. Nxe5 Nxe5 7. d4 b5 8. Bb3 Bxd4 9. Qxd4 d6 10. f4 c5 11. Qd1 Nc6 12. c3 0-0 13. Qf3 Bg4 14. Qg3 Re8 15. Nd2 c4 16. Bc2 Bh5 17. h3 h6 18. a4 b4 19. Re1 b3 20. Bb1 Rc8 21. Nxc4 d5 22. exd5 Rxe1+ 23. Qxe1 Nd4 24. cxd4 Rxc4 25. Be3 Qxd5 26. Bd3 Rxd4 27. Bxa6 Re4 28. Qc3 Qe6 29. Bc8 Qe8 30. Bf2 Re2 31. Bb7 Qe7 32. Qxb3 Qd6 33. Bf3 Bxf3 34. Qxf3 Qd2 35. b3 Ne4 36. Rf1 Qa2 37. Re1 Rxf2 38. Qxe4 Qd2 39. Qa8+ Kh7 40. Qe4+ g6 41. Rf1 Rxf1+ 42. Kxf1 Qd1+ 43. Kf2 Qxb3 44. Kg1 Qa3 45. Kh2 h5 46. h4 Qa1 47. f5 Qa3 48. fxg6+ fxg6 49. Qd4 Qe7 50. Qf4 Qa7 51. Kg3 Qe7 52. Kh2 Qa7 53. Qe4 Qd7 54. Kg3 Qd6+ 55. Kf3 Qd1+ 56. Ke3 Qb3+ 57. Kf4 Qb8+ 58. Kf3 Qb3+ 59. Kf2 Qf7+ 60. Kg1 Qc7 61. Qd4 Qc1+ 62. Kf2 Qc2+ 63. Kf3 Qb3+ 64. Kf4 Qf7+ 65. Ke5 Qe7+ 66. Kd5 Qd7+ 67. Ke4 Qe6+ 68. Kf3 Qb3+ 69. Kf2 Qc2+ 70. Kg1 Qc1+ 71. Kh2 Qc7+ 72. g3 Qc2+ 73. Kg1 Qb1+ 74. Kf2 Qf5+ 75. Ke3 Qe6+ 76. Qe4 Qb6+ 77. Qd4 Qe6+ 78. Qe4 Qb6+ 79. Kf3 Qb3+ 80. Kg2 Qa2+ 81. Kh3 Qf7 82. Kg2 Qa2+ 83. Kh3 Qf7 84. Kg2 Qa2+ 85. Kf3 1/2-1/2

[Event "Titled Tuesday intern op 25th Feb Early"]
[Site "Chess.com INT"]
[Date "2025.02.25"]
[Round "3"]
[White "Rabin, Evan Z"]
[Black "Rogov, Matfey"]
[Result "0-1"]
[WhiteElo "1945"]
[BlackElo "2314"]
[PlyCount "46"]
[EventDate "2025.02.25"]
[EventType "swiss (blitz)"]
[EventRounds "11"]
[EventCountry "USA"]
[SourceTitle "CB10_2025"]
[SourceDate "2025.03.05"]
[SourceVersion "1"]
[SourceVersionDate "2025.03.05"]
[SourceQuality "1"]

1. e4 c5 2. Nf3 d6 3. Bb5+ Nd7 4. 0-0 a6 5. Bxd7+ Bxd7 6. d4 cxd4 7. Qxd4 Nf6 8. Nc3 e6 9. Bg5 Be7 10. Rad1 Rc8 11. Qd2 Bc6 12. Rfe1 h6 13. Bh4 0-0 14. Bg3 d5 15. exd5 Nxd5 16. Nxd5 Bxd5 17. b3 Bxf3 18. gxf3 Qxd2 19. Rxd2 Bb4 20. Red1 Bxd2 21. Rxd2 Rfd8 22. Rxd8+ Rxd8 23. c4 Rd2 0-1

[Event "Titled Tuesday intern op 25th Feb Early"]
[Site "Chess.com INT"]
[Date "2025.02.25"]
[Round "10"]
[White "Rogov, Matfey"]
[Black "Camlar, Arda"]
[Result "0-1"]
[WhiteElo "2314"]
[BlackElo "2443"]
[PlyCount "134"]
[EventDate "2025.02.25"]
[EventType "swiss (blitz)"]
[EventRounds "11"]
[EventCountry "USA"]
[SourceTitle "CB10_2025"]
[SourceDate "2025.03.05"]
[SourceVersion "1"]
[SourceVersionDate "2025.03.05"]
[SourceQuality "1"]

1. f4 Nf6 2. Nf3 d5 3. g3 Bf5 4. Bg2 e6 5. 0-0 Nbd7 6. d3 h5 7. Nc3 Bc5+ 8. Kh1 Ng4 9. d4 Be7 10. h3 Ngf6 11. a4 c5 12. e3 Ne4 13. Nxe4 Bxe4 14. Ne5 Bxg2+ 15. Kxg2 Nf6 16. a5 Bd6 17. Nd3 c4 18. Nf2 Qc7 19. c3 0-0-0 20. h4 Ng8 21. b4 Nh6 22. b5 Qd7 23. b6 a6 24. e4 g6 25. Qf3 Be7 26. Ba3 Rhe8 27. Bxe7 Rxe7 28. Rfe1 f6 29. exd5 exd5 30. Kf1 Nf5 31. Rxe7 Qxe7 32. Re1 Qd7 33. Kg2 Re8 34. Kf1 Rxe1+ 35. Kxe1 Qe6+ 36. Kd2 Nd6 37. Nd1 Ne4+ 38. Kc1 Qd6 39. f5 Qa3+ 40. Kc2 Qb3+ 41. Kc1 Qa3+ 42. Nb2 gxf5 43. Qxf5+ Kb8 44. Qf4+ Ka8 45. Qe3 f5 46. Kc2 Qb3+ 47. Kc1 Qxc3+ 48. Qxc3 Nxc3 49. Kd2 Ne4+ 50. Ke3 Nxg3 51. Kf4 Ne2+ 52. Ke5 f4 53. Kxd5 c3 54. Nd1 c2 55. Nf2 c1Q 56. Ne4 Qc6+ 57. Ke5 f3 58. Nc5 Qe8+ 59. Kd6 f2 60. Ne6 Qc6+ 61. Ke7 Qxe6+ 62. Kxe6 Nxd4+ 63. Kd7 f1Q 64. Kc7 Qf7+ 65. Kd8 Nc6+ 66. Kc8 Qe8+ 67. Kc7 Qd8# 0-1

[Event "Titled Tuesday intern op 25th Feb Early"]
[Site "Chess.com INT"]
[Date "2025.02.25"]
[Round "7"]
[White "Rogov, Matfey"]
[Black "Grandelius, Nils"]
[Result "0-1"]
[WhiteElo "2314"]
[BlackElo "2644"]
[PlyCount "86"]
[EventDate "2025.02.25"]
[EventType "swiss (blitz)"]
[EventRounds "11"]
[EventCountry "USA"]
[SourceTitle "CB10_2025"]
[SourceDate "2025.03.05"]
[SourceVersion "1"]
[SourceVersionDate "2025.03.05"]
[SourceQuality "1"]

1. f4 d5 2. Nf3 Nf6 3. g3 e6 4. Bg2 b5 5. 0-0 Bb7 6. d4 c5 7. c3 Be7 8. Ne5 0-0 9. Nd2 b4 10. e3 Nbd7 11. Ndf3 a5 12. g4 Ba6 13. Re1 Nxe5 14. Nxe5 Qc7 15. g5 Ne4 16. Qc2 bxc3 17. bxc3 cxd4 18. Bxe4 dxe4 19. exd4 Bb7 20. Be3 Rac8 21. Rab1 Ba8 22. Bd2 f6 23. gxf6 gxf6 24. Ng4 Kh8 25. Kf2 f5 26. Ne5 Bh4+ 27. Ke3 Bxe1 28. Bxe1 Rg8 29. c4 Qg7 30. Bc3 h6 31. d5 Kh7 32. dxe6 Qe7 33. Rb5 Rgd8 34. Qg2 Qa7+ 35. c5 Rg8 36. Qh3 Rcf8 37. e7 Qxe7 38. Rb6 Qxc5+ 39. Bd4 Qa3+ 40. Rb3 Qc1+ 41. Ke2 Qc2+ 42. Ke3 Rg2 43. Nd7 Qd2# 0-1

[Event "Titled Tuesday intern op 25th Feb Early"]
[Site "Chess.com INT"]
[Date "2025.02.25"]
[Round "2"]
[White "Rogov, Matfey"]
[Black "Ozcan, Kaan"]
[Result "1-0"]
[WhiteElo "2314"]
[BlackElo "2230"]
[PlyCount "59"]
[EventDate "2025.02.25"]
[EventType "swiss (blitz)"]
[EventRounds "11"]
[EventCountry "USA"]
[SourceTitle "CB10_2025"]
[SourceDate "2025.03.05"]
[SourceVersion "1"]
[SourceVersionDate "2025.03.05"]
[SourceQuality "1"]

1. f4 d5 2. Nf3 Nc6 3. g3 Bg4 4. Bg2 Nf6 5. 0-0 Bxf3 6. Bxf3 e5 7. fxe5 Nxe5 8. Bg2 Bd6 9. d4 Ned7 10. c4 c6 11. Nc3 dxc4 12. e4 Be7 13. e5 Nd5 14. Nxd5 cxd5 15. Bxd5 0-0 16. Bxc4 Nb6 17. Bb3 Rc8 18. Be3 Nd5 19. Qd3 Qd7 20. Qe4 Nxe3 21. Qxe3 h6 22. e6 Qd6 23. exf7+ Kh8 24. Qe5 Qd8 25. Rad1 Bf6 26. Qe4 Qd6 27. Bc2 Rxc2 28. Qxc2 Bxd4+ 29. Kh1 Qc6+ 30. Qxc6 1-0

[Event "Titled Tuesday intern op 04th Feb Late"]
[Site "Chess.com INT"]
[Date "2025.02.04"]
[Round "9"]
[White "Anton Guijarro, David"]
[Black "Rogov, Matfey"]
[Result "1-0"]
[WhiteElo "2668"]
[BlackElo "2314"]
[PlyCount "85"]
[EventDate "2025.02.04"]
[EventType "swiss (blitz)"]
[EventRounds "11"]
[EventCountry "USA"]
[SourceTitle "CB07_2025"]
[SourceDate "2025.02.12"]
[SourceVersion "1"]
[SourceVersionDate "2025.02.12"]
[SourceQuality "1"]

1. e4 c5 2. Nf3 d6 3. Bb5+ Bd7 4. Bxd7+ Nxd7 5. c4 g6 6. Nc3 Bg7 7. 0-0 Ngf6 8. d4 cxd4 9. Nxd4 0-0 10. b3 Rc8 11. Be3 a6 12. Rc1 Nc5 13. f3 e6 14. Qd2 Qe7 15. Bg5 Rfd8 16. Rfd1 Rd7 17. Nde2 Rcd8 18. b4 d5 19. exd5 exd5 20. Nxd5 Nxd5 21. Bxe7 Nxe7 22. Qc2 Nd3 23. Rb1 Nf5 24. Rb3 Ne5 25. Rxd7 Rxd7 26. c5 Nc6 27. Qb1 Ncd4 28. Nxd4 Bxd4+ 29. Kh1 Rd5 30. g4 Nh4 31. Qe4 Re5 32. Qxd4 Re1+ 33. Qg1 Rxg1+ 34. Kxg1 Kf8 35. a4 Ke7 36. Rd3 f5 37. b5 axb5 38. axb5 fxg4 39. fxg4 g5 40. c6 bxc6 41. bxc6 Ng6 42. c7 Nf4 43. Rd2 1-0

[Event "Titled Tuesday intern op 04th Feb Late"]
[Site "Chess.com INT"]
[Date "2025.02.04"]
[Round "3"]
[White "Omariev, Maksim"]
[Black "Rogov, Matfey"]
[Result "0-1"]
[WhiteElo "2304"]
[BlackElo "2314"]
[PlyCount "28"]
[EventDate "2025.02.04"]
[EventType "swiss (blitz)"]
[EventRounds "11"]
[EventCountry "USA"]
[SourceTitle "CB07_2025"]
[SourceDate "2025.02.12"]
[SourceVersion "1"]
[SourceVersionDate "2025.02.12"]
[SourceQuality "1"]

1. b3 e5 2. Bb2 Nc6 3. c4 Nf6 4. g3 h5 5. h4 d5 6. cxd5 Qxd5 7. Nf3 e4 8. Nc3 Qf5 9. Ng5 Bc5 10. e3 Ne5 11. d4 exd3 12. Bg2 d2+ 13. Qxd2 Nd3+ 14. Ke2 Qxf2+ 0-1

[Event "Titled Tuesday intern op 04th Feb Early"]
[Site "Chess.com INT"]
[Date "2025.02.04"]
[Round "7"]
[White "Rogov, Matfey"]
[Black "Kozlov, Denis1"]
[Result "1-0"]
[WhiteElo "2314"]
[BlackElo "2123"]
[PlyCount "47"]
[EventDate "2025.02.04"]
[EventType "swiss (blitz)"]
[EventRounds "11"]
[EventCountry "USA"]
[SourceTitle "CB07_2025"]
[SourceDate "2025.02.12"]
[SourceVersion "1"]
[SourceVersionDate "2025.02.12"]
[SourceQuality "1"]

1. e4 c6 2. d4 d5 3. f3 dxe4 4. fxe4 e5 5. Nf3 Be6 6. Nbd2 Nd7 7. Bc4 Ngf6 8. Bxe6 fxe6 9. 0-0 Be7 10. Ng5 Nf8 11. dxe5 Qd4+ 12. Kh1 Qxe5 13. Ndf3 Qc7 14. e5 Nd5 15. c4 Nb4 16. Nd4 Bxg5 17. Bxg5 Qxe5 18. Qh5+ Ng6 19. Qg4 h5 20. Qf3 Rf8 21. Qxh5 Rxf1+ 22. Rxf1 Qe4 23. Ne2 Nd3 24. Ng3 1-0

[Event "Titled Tuesday intern op 04th Feb Late"]
[Site "Chess.com INT"]
[Date "2025.02.04"]
[Round "7"]
[White "Rogov, Matfey"]
[Black "Rodgers, Jack"]
[Result "1-0"]
[WhiteElo "2314"]
[BlackElo "2169"]
[PlyCount "55"]
[EventDate "2025.02.04"]
[EventType "swiss (blitz)"]
[EventRounds "11"]
[EventCountry "USA"]
[SourceTitle "CB07_2025"]
[SourceDate "2025.02.12"]
[SourceVersion "1"]
[SourceVersionDate "2025.02.12"]
[SourceQuality "1"]

1. e4 c5 2. a3 g6 3. Nc3 Bg7 4. Bc4 e6 5. d3 Ne7 6. Ba2 0-0 7. h4 d5 8. h5 Nbc6 9. hxg6 fxg6 10. Qg4 Nd4 11. Qh3 h5 12. Bb1 Nec6 13. Nge2 Qf6 14. Qg3 Qf7 15. Bg5 Nxe2 16. Nxe2 Bxb2 17. Ra2 Bg7 18. 0-0 Nd4 19. c3 Nxe2+ 20. Rxe2 Bxc3 21. exd5 exd5 22. Re7 Qf5 23. d4 Qg4 24. Qc7 Bxd4 25. Bh6 Bd7 26. Rxd7 Bxf2+ 27. Rxf2 Qd1+ 28. Kh2 1-0

[Event "Titled Tuesday intern op 04th Feb Early"]
[Site "Chess.com INT"]
[Date "2025.02.04"]
[Round "6"]
[White "Trifonov, Denis"]
[Black "Rogov, Matfey"]
[Result "0-1"]
[WhiteElo "2163"]
[BlackElo "2314"]
[PlyCount "48"]
[EventDate "2025.02.04"]
[EventType "swiss (blitz)"]
[EventRounds "11"]
[EventCountry "USA"]
[SourceTitle "CB07_2025"]
[SourceDate "2025.02.12"]
[SourceVersion "1"]
[SourceVersionDate "2025.02.12"]
[SourceQuality "1"]

1. e4 c5 2. d4 cxd4 3. Qxd4 Nc6 4. Qd3 g6 5. Nc3 Bg7 6. h4 h5 7. Nh3 Nf6 8. Be2 d6 9. Nf4 Bg4 10. f3 Bd7 11. Nfd5 Nxd5 12. Nxd5 e6 13. Nc3 Nb4 14. Qd1 Rc8 15. a3 Nc6 16. Qxd6 Be5 17. Qd3 Bg3+ 18. Kf1 Ne5 19. Qe3 Nc4 20. Bxc4 Rxc4 21. b3 Rxc3 22. Qe2 Rxc2 23. Qd3 Qb6 24. Be3 Bb5 0-1

[Event "Titled Tuesday intern op 04th Feb Late"]
[Site "Chess.com INT"]
[Date "2025.02.04"]
[Round "2"]
[White "Vasli, Aref"]
[Black "Rogov, Matfey"]
[Result "1-0"]
[WhiteElo "2401"]
[BlackElo "2314"]
[PlyCount "83"]
[EventDate "2025.02.04"]
[EventType "swiss (blitz)"]
[EventRounds "11"]
[EventCountry "USA"]
[SourceTitle "CB07_2025"]
[SourceDate "2025.02.12"]
[SourceVersion "1"]
[SourceVersionDate "2025.02.12"]
[SourceQuality "1"]

1. e4 e5 2. Nf3 f5 3. d3 fxe4 4. dxe4 Nf6 5. Bc4 Nc6 6. 0-0 Bc5 7. Ng5 Qe7 8. Bf7+ Kf8 9. Bb3 d6 10. Nc3 h6 11. Nd5 Nxd5 12. exd5 Nd4 13. Ne4 Bb6 14. Be3 Qh4 15. Ng3 Bg4 16. Qd3 Ke7 17. f3 Bd7 18. Rae1 Raf8 19. Bf2 Kd8 20. c3 Bb5 21. c4 Bd7 22. Bd1 Kc8 23. b4 Qg5 24. Ne4 Qg6 25. c5 dxc5 26. bxc5 Ba5 27. c6 Bh3 28. Bg3 Bb6 29. cxb7+ Kb8 30. Kh1 Bf5 31. Bxe5 Bxe4 32. fxe4 Rxf1+ 33. Rxf1 Nb5 34. Qxb5 Qxe4 35. Bg3 Re8 36. Bf3 Qe3 37. a4 a6 38. Qxa6 Ba7 39. Bxc7+ Kxc7 40. Qc6+ Kb8 41. d6 Qc5 42. Qxe8+ 1-0

[Event "Titled Tuesday intern op 21st Jan Late"]
[Site "Chess.com INT"]
[Date "2025.01.21"]
[Round "11"]
[White "Rogov, Matfey"]
[Black "Ilinca Ilinca, Felix Antonio"]
[Result "0-1"]
[WhiteElo "2291"]
[BlackElo "2440"]
[PlyCount "68"]
[EventDate "2025.01.21"]
[EventType "swiss (blitz)"]
[EventRounds "11"]
[EventCountry "USA"]
[SourceTitle "CB05_2025"]
[SourceDate "2025.01.29"]
[SourceVersion "1"]
[SourceVersionDate "2025.01.29"]
[SourceQuality "1"]

1. e4 c6 2. d4 d5 3. f3 dxe4 4. fxe4 e5 5. Nf3 Bg4 6. Bc4 Nd7 7. c3 Ngf6 8. Qb3 Bh5 9. Qxb7 Be7 10. dxe5 Nxe4 11. Qxc6 Nec5 12. b4 Rc8 13. Qd5 Ne6 14. 0-0 0-0 15. Bb3 Qb6+ 16. Nd4 Rfd8 17. Be3 Ndf8 18. Nf5 Qc7 19. Qa5 Qd7 20. Qxa7 Rc7 21. Qa4 Qd3 22. Bc2 Qe2 23. Bf2 Bg5 24. Ng3 Qg4 25. Na3 Bg6 26. Bd1 Rxd1 27. Raxd1 Rxc3 28. Nb5 Rc4 29. Nd6 Bc2 30. Qe8 Rc7 31. Bc5 Bxd1 32. Rxf7 Rxf7 33. Qxf7+ Kh8 34. Nde4 Qf4 0-1

[Event "Cape Town Masters"]
[Site "Cape Town"]
[Date "2025.01.10"]
[Round "7"]
[White "Rogov, Matfey"]
[Black "Samuels, Ethan"]
[Result "1-0"]
[WhiteElo "2291"]
[BlackElo "2025"]
[PlyCount "105"]
[EventDate "2025.01.06"]
[EventType "swiss"]
[EventRounds "9"]
[EventCountry "RSA"]
[SourceTitle "CB03_2025"]
[SourceDate "2025.01.15"]
[SourceVersion "1"]
[SourceVersionDate "2025.01.15"]
[SourceQuality "1"]

1. e4 c6 2. d4 d5 3. e5 c5 4. c3 cxd4 5. cxd4 Nc6 6. Nc3 e6 7. Nf3 Nge7 8. Bd3 Ng6 9. h4 Be7 10. Be3 Bd7 11. h5 Nf8 12. h6 g6 13. 0-0 Na5 14. Qd2 Bc6 15. Bg5 Nc4 16. Bxc4 dxc4 17. Bxe7 Qxe7 18. d5 exd5 19. Nxd5 Bxd5 20. Qxd5 Ne6 21. Qb5+ Qd7 22. Qxc4 0-0 23. Qh4 Qd8 24. Qxd8 Rfxd8 25. Rfd1 Kf8 26. Kf1 Ke7 27. g3 f6 28. Rac1 g5 29. exf6+ Kxf6 30. Re1 Rac8 31. Kg2 Rxc1 32. Rxc1 Kg6 33. Re1 Kf6 34. Re3 Rd5 35. Rb3 Rd7 36. Nh2 Nc5 37. Rf3+ Ke6 38. Rf8 Rf7 39. Rg8 Nd3 40. Nf3 Kf6 41. Nxg5 Re7 42. b3 Ne5 43. f4 Ng4 44. Nxh7+ Rxh7 45. Rxg4 Rxh6 46. Rh4 Rg6 47. g4 Rg8 48. Rh6+ Kg7 49. Rd6 Kh8 50. Kf3 Rg7 51. f5 Rc7 52. Kf4 Kg7 53. g5 1-0

[Event "Cape Town Masters"]
[Site "Cape Town"]
[Date "2025.01.08"]
[Round "4"]
[White "Peter, Neathan"]
[Black "Rogov, Matfey"]
[Result "0-1"]
[WhiteElo "1972"]
[BlackElo "2291"]
[PlyCount "58"]
[EventDate "2025.01.06"]
[EventType "swiss"]
[EventRounds "9"]
[EventCountry "RSA"]
[SourceTitle "CB03_2025"]
[SourceDate "2025.01.15"]
[SourceVersion "1"]
[SourceVersionDate "2025.01.15"]
[SourceQuality "1"]

1. e4 e5 2. Nc3 Nf6 3. Nf3 Nc6 4. Bc4 Nxe4 5. Nxe4 d5 6. Bxd5 Qxd5 7. Nc3 Qd6 8. a3 Bg4 9. h3 Bh5 10. d3 Nd4 11. g4 Qc6 12. gxh5 Nxf3+ 13. Kf1 f5 14. h4 0-0-0 15. Rh3 Nd4 16. Be3 Bc5 17. Ne2 Ne6 18. Bxc5 Qxc5 19. Qd2 Kb8 20. Re1 Rhe8 21. c3 a6 22. b4 Qc6 23. Kg1 g5 24. Kh2 gxh4 25. Rg1 Rg8 26. Rxh4 Rxg1 27. Kxg1 Rg8+ 28. Kf1 Qg2+ 29. Ke1 Ng5 0-1

[Event "Cape Town Masters"]
[Site "Cape Town"]
[Date "2025.01.06"]
[Round "2"]
[White "Soojay, Jorah"]
[Black "Rogov, Matfey"]
[Result "1-0"]
[WhiteElo "1905"]
[BlackElo "2291"]
[PlyCount "135"]
[EventDate "2025.01.06"]
[EventType "swiss"]
[EventRounds "9"]
[EventCountry "RSA"]
[SourceTitle "CB03_2025"]
[SourceDate "2025.01.15"]
[SourceVersion "1"]
[SourceVersionDate "2025.01.15"]
[SourceQuality "1"]

1. e4 e5 2. Nf3 Nc6 3. Nc3 Nf6 4. Bb5 Bd6 5. d3 h6 6. h3 a6 7. Bc4 Na5 8. Bb3 Nxb3 9. axb3 c5 10. Be3 b6 11. Nh4 Be7 12. Nf5 d5 13. Nxe7 Qxe7 14. Nxd5 Nxd5 15. exd5 Qd6 16. Qf3 0-0 17. 0-0 f5 18. Bd2 Ra7 19. Rfe1 Re7 20. c4 Rf6 21. Re2 b5 22. Rae1 Rf8 23. Qh5 Rfe8 24. f4 e4 25. dxe4 fxe4 26. Qh4 a5 27. Bc3 Qa6 28. Qg3 Bf5 29. Qe3 bxc4 30. Qxc5 cxb3 31. Bxa5 Rd7 32. d6 Bg6 33. Bc7 Rf8 34. Qe3 Rdf7 35. Qxb3 Kh7 36. g3 Qc8 37. Kh2 Rf5 38. Kg2 Qd7 39. Qc3 Rd5 40. Rd2 Rh5 41. h4 Rb5 42. Rde2 Qe6 43. Re3 Bf5 44. Rd1 Rf7 45. b3 Bg4 46. Rd4 Bf3+ 47. Kh2 Qf5 48. Qd2 Qd7 49. Qc2 Kh8 50. Ra4 Qf5 51. b4 Rd5 52. Ra8+ Kh7 53. Ra5 Kh8 54. Qa2 Rxa5 55. bxa5 Qb5 56. Qf2 Rf5 57. Ra3 Qb4 58. Rxf3 exf3 59. d7 Rd5 60. d8Q+ Rxd8 61. Bxd8 Qd6 62. Bb6 Qd3 63. g4 h5 64. gxh5 Kh7 65. Kg3 g6 66. Qxf3 Qb1 67. a6 Qg1+ 68. Bxg1 1-0

[Event "Titled Tuesday intern op 26th Nov Late"]
[Site "Chess.com INT"]
[Date "2024.11.26"]
[Round "9"]
[White "Haug, Havard"]
[Black "Rogov, Matfey"]
[Result "1/2-1/2"]
[WhiteElo "2352"]
[BlackElo "2291"]
[PlyCount "150"]
[EventDate "2024.11.26"]
[EventType "swiss (blitz)"]
[EventRounds "11"]
[EventCountry "USA"]
[SourceTitle "CB49_2024"]
[SourceDate "2024.12.04"]
[SourceVersion "1"]
[SourceVersionDate "2024.12.04"]
[SourceQuality "1"]

1. e4 c5 2. c3 e6 3. d4 cxd4 4. cxd4 d5 5. e5 Nc6 6. Nf3 Nge7 7. Na3 Nf5 8. Nc2 Bd7 9. g4 Nh4 10. Be2 Rc8 11. Kf1 Nxf3 12. Bxf3 Qc7 13. Ne1 Be7 14. Kg2 f6 15. Bf4 fxe5 16. dxe5 0-0 17. Bg3 Nxe5 18. Nd3 Bd6 19. Rc1 Bc6 20. Nxe5 Bxe5 21. Qe2 Bxg3 22. Qxe6+ Qf7 23. Qxf7+ Rxf7 24. Kxg3 Rcf8 25. Bg2 Rxf2 26. b4 h5 27. gxh5 R2f5 28. h4 Rxh5 29. Rhe1 Rh6 30. Re5 Rg6+ 31. Rg5 Kh7 32. b5 Bxb5 33. Bxd5 Rxg5+ 34. hxg5 Bc6 35. Bxc6 bxc6 36. Rxc6 Rf1 37. Ra6 Rg1+ 38. Kf4 Rf1+ 39. Ke4 Rg1 40. Kf5 Rf1+ 41. Ke5 Re1+ 42. Kd4 Rg1 43. Ra5 Rg4+ 44. Ke3 Kg6 45. Ra6+ Kxg5 46. Rxa7 Kh4 47. Kf3 Rg3+ 48. Kf2 g5 49. a4 Ra3 50. a5 Kg4 51. a6 Ra2+ 52. Ke3 Ra3+ 53. Ke4 Kg3 54. Ra8 g4 55. a7 Ra4+ 56. Kd3 Kg2 57. Kc3 g3 58. Kb3 Ra1 59. Kb4 Kf2 60. Rf8+ Ke1 61. Re8+ Kf1 62. Rf8+ Kg1 63. a8Q Rxa8 64. Rxa8 g2 65. Kc3 Kh1 66. Rh8+ Kg1 67. Kd2 Kf2 68. Rf8+ Kg3 69. Rg8+ Kf2 70. Rf8+ Kg3 71. Rg8+ Kf2 72. Rg7 g1Q 73. Rf7+ Kg2 74. Rg7+ Kf2 75. Rxg1 Kxg1 1/2-1/2

[Event "Titled Tuesday intern op 26th Nov Late"]
[Site "Chess.com INT"]
[Date "2024.11.26"]
[Round "11"]
[White "Rodriguez, Santiago"]
[Black "Rogov, Matfey"]
[Result "0-1"]
[WhiteElo "2252"]
[BlackElo "2291"]
[PlyCount "86"]
[EventDate "2024.11.26"]
[EventType "swiss (blitz)"]
[EventRounds "11"]
[EventCountry "USA"]
[SourceTitle "CB49_2024"]
[SourceDate "2024.12.04"]
[SourceVersion "1"]
[SourceVersionDate "2024.12.04"]
[SourceQuality "1"]

1. d4 Nf6 2. Bg5 Ne4 3. Bf4 c5 4. f3 g5 5. Bc1 Nf6 6. dxc5 Qa5+ 7. Nc3 Qxc5 8. e4 Nc6 9. Nh3 g4 10. Nf4 d6 11. Nfd5 Nxd5 12. Nxd5 gxf3 13. gxf3 Qa5+ 14. Bd2 Qd8 15. Rg1 Be6 16. Bc3 f6 17. Nf4 Bf7 18. Bh3 Qb6 19. Rg2 Qe3+ 20. Ne2 Qxf3 21. Rg3 Qh1+ 22. Kf2 Qxh2+ 23. Bg2 Qh4 24. Qd3 Rg8 25. Rh1 Rxg3 26. Nxg3 Qf4+ 27. Bf3 0-0-0 28. Rxh7 Bg8 29. Rh8 Ne5 30. Bxe5 dxe5 31. Qc3+ Kb8 32. Rxg8 e6 33. Ne2 Qh4+ 34. Rg3 Rc8 35. Qd3 Bc5+ 36. Kg2 a6 37. c3 Ka7 38. b4 Bb6 39. Qd7 Rh8 40. Kf1 Rg8 41. Kg2 Rh8 42. Kf1 Qh2 43. Rg2 Qh1+ 0-1

[Event "Kimberley Extravaganza op"]
[Site "Kimberley"]
[Date "2024.09.29"]
[Round "9"]
[White "Rogov, Matfey"]
[Black "Mnguni, Jacob Dumisani"]
[Result "1-0"]
[WhiteElo "2188"]
[BlackElo "2195"]
[PlyCount "115"]
[EventDate "2024.09.25"]
[EventType "swiss"]
[EventRounds "9"]
[EventCountry "RSA"]
[SourceTitle "EXT 2025"]
[Source "ChessBase"]
[SourceDate "2024.10.14"]
[SourceVersion "1"]
[SourceVersionDate "2024.10.14"]
[SourceQuality "1"]

1. e4 e5 2. Nc3 d6 3. d4 Nc6 4. Bb5 Bd7 5. d5 Nce7 6. Bxd7+ Qxd7 7. h4 h5 8. Qd3 Nf6 9. Qh3 c6 10. Qxd7+ Nxd7 11. Nh3 f6 12. Be3 Kd8 13. a4 a5 14. Ke2 Kc7 15. Rhb1 g6 16. b4 Bh6 17. dxc6 bxc6 18. Bxh6 Rxh6 19. b5 Rhh8 20. bxc6 Kxc6 21. f3 Nc5 22. Nf2 Rhb8 23. Nd3 Ne6 24. Nb5 d5 25. Rb3 Rc8 26. Rd1 d4 27. c3 Kd7 28. f4 Nc6 29. f5 gxf5 30. exf5 Ng7 31. Rf1 dxc3 32. Nc5+ Ke7 33. Rxc3 Nb4 34. Rd1 Rd8 35. Rxd8 Rxd8 36. Nb7 Rd7 37. Nxa5 Nxf5 38. Rb3 Nc2 39. Nc6+ Ke6 40. a5 Ncd4+ 41. Ncxd4+ Nxd4+ 42. Nxd4+ Rxd4 43. Ra3 Rd7 44. a6 Ra7 45. Kf3 f5 46. Ra5 Kf6 47. Ke3 Ke6 48. Kd3 Kf6 49. g3 Ke6 50. Kc4 Kf6 51. Kd5 Rd7+ 52. Kc6 Ra7 53. Kb6 Ra8 54. Kb7 Rg8 55. a7 f4 56. gxf4 exf4 57. Rxh5 f3 58. Rg5 1-0

[Event "Kimberley Extravaganza op"]
[Site "Kimberley"]
[Date "2024.09.27"]
[Round "6"]
[White "Oatlhotse, Providence"]
[Black "Rogov, Matfey"]
[Result "0-1"]
[WhiteElo "2239"]
[BlackElo "2188"]
[PlyCount "122"]
[EventDate "2024.09.25"]
[EventType "swiss"]
[EventRounds "9"]
[EventCountry "RSA"]
[SourceTitle "EXT 2025"]
[Source "ChessBase"]
[SourceDate "2024.10.14"]
[SourceVersion "1"]
[SourceVersionDate "2024.10.14"]
[SourceQuality "1"]

1. d4 Nf6 2. c4 e6 3. Nf3 d5 4. g3 Bb4+ 5. Bd2 a5 6. Bg2 0-0 7. 0-0 dxc4 8. Qc2 Bxd2 9. Nbxd2 b5 10. a4 c6 11. b3 cxb3 12. Nxb3 b4 13. e4 Nbd7 14. Rfd1 Bb7 15. Ne5 Nxe5 16. dxe5 Nd7 17. Nc5 Bc8 18. Rd6 Qc7 19. Nxd7 Bxd7 20. Rad1 Be8 21. Qc5 Qa7 22. Rc1 Qxc5 23. Rxc5 Ra7 24. Bf1 Bd7 25. Bc4 Rb8 26. Bb3 Kf8 27. f4 Ke7 28. Kf2 Rd8 29. Ke3 Be8 30. Rxd8 Kxd8 31. f5 Kc7 32. f6 g6 33. Rc2 Kb6 34. Rd2 Rd7 35. Rd6 Kc5 36. Bxe6 Rxd6 37. exd6 Kxd6 38. Bb3 Ke5 39. Kd3 Kxf6 40. Kd4 h5 41. h4 Bd7 42. Kc5 Be6 43. Bc2 Ba2 44. Bd3 Ke5 45. Bf1 Bb1 46. Bc4 Bc2 47. Kxc6 b3 48. Bxf7 b2 49. Ba2 Bxe4+ 50. Kb5 b1Q+ 51. Bxb1 Bxb1 52. Kxa5 Kf5 53. Kb4 Kg4 54. Kc3 Kxg3 55. Kd4 Kf4 56. a5 Be4 57. a6 Ba8 58. a7 Kg4 59. Ke3 Kxh4 60. Kf2 Kg4 61. Kg1 Kg3 0-1